Misguided notions (Record no. 70008)

MARC details
000 -LEADER
fixed length control field 01321cam a2200241 4500
001 - CONTROL NUMBER
control field ABS65424
008 - FIXED-LENGTH DATA ELEMENTS--GENERAL INFORMATION
fixed length control field 020418n2002 000 0 eng u
035 ## - SYSTEM CONTROL NUMBER
System control number (Sirsi) u117563
100 ## - MAIN ENTRY--PERSONAL NAME
Personal name Berry, J
245 ## - TITLE STATEMENT
Title Misguided notions
260 ## - PUBLICATION, DISTRIBUTION, ETC.
Date of publication, distribution, etc. 2002
490 ## - SERIES STATEMENT
Series statement Estates Gazette
Volume/sequential designation (0214) 6 April 2002, 120-121(2)
520 ## - SUMMARY, ETC.
Summary, etc. Argues that responses to the planning green paper have ignored several important proposals that should have received more publicity. One major area of concern is the lack of adequate resources. Argues that if this was addressed, there would be immediate improvements in all areas of the planning system. Discusses the viability of a number of proposals including the certificate to replace outline permission, the three year implementation period, the abolition of twin-tracking, delivery contracts, unified applications and the three month appeal period. Concludes that while the planning green paper contains some positive ideas, many of the reforms could cause confusion and delay.
590 ## - LOCAL NOTE (RLIN)
Local note ABS
650 ## - SUBJECT ADDED ENTRY--TOPICAL TERM
Topical term or geographic name entry element PLANNING REFORM
650 ## - SUBJECT ADDED ENTRY--TOPICAL TERM
Topical term or geographic name entry element PLANNING SYSTEM
650 ## - SUBJECT ADDED ENTRY--TOPICAL TERM
Topical term or geographic name entry element PLANNING APPEALS
650 ## - SUBJECT ADDED ENTRY--TOPICAL TERM
Topical term or geographic name entry element PLANNING PERMISSION
650 ## - SUBJECT ADDED ENTRY--TOPICAL TERM
Topical term or geographic name entry element PLANNING APPLICATIONS
650 ## - SUBJECT ADDED ENTRY--TOPICAL TERM
Topical term or geographic name entry element RESOURCES
690 ## - LOCAL SUBJECT ADDED ENTRY--TOPICAL TERM (OCLC, RLIN)
Topical term or geographic name as entry element ENVIRONMENTAL AND LAND CONSULTANCY-PLANNING AND DEVELOPMENT
942 ## - ADDED ENTRY ELEMENTS (KOHA)
Suppress in OPAC 0
Holdings
Withdrawn status Lost status Source of classification or shelving scheme Damaged status Not for loan Home library Current library Shelving location Date acquired Total Checkouts Full call number Barcode Date last seen Copy number Price effective from Koha item type
    Dewey Decimal Classification     London London Journal article 18/04/2002   ABS65424 117563-1001 06/08/2019 1 06/08/2019 Journal article